| 000 | 00689nam a22001817a 4500 | ||
|---|---|---|---|
| 003 | CEME | ||
| 005 | 20210628201750.0 | ||
| 008 | 210216b xxu||||| |||| 00| 0 eng d | ||
| 020 | _a0-89006-797-X | ||
| 040 | _c. | ||
| 082 | _a621.381325 ABR | ||
| 100 |
_aAbrie, Pieter.L.D _956737 |
||
| 245 | _aDesign of rf and microwave amplifiers and oscillators | ||
| 250 | _aXVI,480P | ||
| 260 |
_aBOSTON _bARTECH HOUSE _c2000 |
||
| 650 |
_aMICROWAVE AMPLIFIERS-DESIGN AND CONSTRUCTION AMPLIFIERS, RADIO FREQUENCY-DESIGN AND CONSTRUCTION ELECTRIC NETWORK SYNTHESIS OSCILLATORS, MICROWAVE-DESIGN AND CONSTRUCTION PRINTED CIRCUITS RF AND MICROWAVE AMPLIFIERS OSCILLATORS _956738 |
||
| 942 |
_cBK _2ddc |
||
| 999 |
_c567095 _d567095 |
||